[Event "The Viewing Gallery Exhibition"]
[Site "New York"]
[Date "2003.03.21"]
[Round "1"]
[White "Krush, Irina"]
[Black "Shahade, Jennifer"]
[Result "1-0"]
[WhiteElo "2433"]
[BlackElo "2330"]
[PlyCount "83"]
[EventDate "2003.03.21"]

1. d4 Nf6 2. c4 g6 3. Nc3 d5 4. Nf3 Bg7 5. Bg5 Ne4 6. cxd5 Nxg5 7. Nxg5 e6 8.
Nf3 exd5 9. b4 O-O 10. e3 Re8 11. Be2 c6 12. O-O Bf8 13. b5 Be6 14. bxc6 Nxc6
15. Rb1 Rc8 16. Na4 Na5 17. Ne5 Bf5 18. Bd3 Bxd3 19. Nxd3 b6 20. Nf4 Nc4 21.
Rb5 Bg7 22. Rxd5 Qe7 23. Rb5 Rcd8 24. Rb3 Bh6 25. Qd3 Rc8 26. Nd5 Qd6 27. Nac3
Bg7 28. h3 a6 29. a4 Rc6 30. e4 Rec8 31. e5 Qd8 32. Rfb1 h6 33. Rd1 Na5 34.
Rbb1 Nc4 35. Qf3 Qg5 36. Ne4 Qd8 37. Ndf6+ Kh8 38. Qf4 Re6 39. Ng4 h5 40. Nh6
Bxh6 41. Qxh6+ Kg8 42. Ng5 1-0

[Event "The Viewing Gallery Exhibition"]
[Site "New York"]
[Date "2003.03.21"]
[Round "2"]
[White "Shahade, Jennifer"]
[Black "Krush, Irina"]
[Result "1-0"]
[WhiteElo "2330"]
[BlackElo "2433"]
[PlyCount "123"]
[EventDate "2003.03.21"]

1. e4 c5 2. Nf3 d6 3. d4 cxd4 4. Nxd4 Nf6 5. Nc3 Nc6 6. Bg5 Qb6 7. Nb3 e6 8.
Qd2 Be7 9. f3 a6 10. O-O-O O-O 11. Kb1 Rd8 12. Qe1 Qc7 13. h4 b5 14. g4 b4 15.
Bxf6 Bxf6 16. Ne2 g6 17. g5 Bg7 18. h5 a5 19. hxg6 hxg6 20. Nbd4 Nxd4 21. Nxd4
d5 22. e5 Bxe5 23. Qh4 a4 24. Bb5 Bd7 25. Rde1 Bg7 26. Bd3 a3 27. Re2 axb2 28.
Reh2 Kf8 29. Nb3 Rdb8 30. Qf2 Qa7 31. Qxa7 Rxa7 32. Rh8+ Bxh8 33. Rxh8+ Ke7 34.
Rxb8 e5 35. Rxb4 Bf5 36. Nc5 Kd6 37. Nb3 Bxd3 38. cxd3 Ke6 39. Kxb2 Kf5 40. Rg4
Ra8 41. a4 e4 42. dxe4+ dxe4 43. Rxe4 Kxg5 44. Rg4+ Kh5 45. a5 f5 46. Rg1 g5
47. Rh1+ Kg6 48. Kc3 g4 49. fxg4 fxg4 50. Kd4 Kg5 51. Ke3 Re8+ 52. Kf2 Kf4 53.
Rf1 g3+ 54. Kg2+ Kg4 55. Nd4 Re4 56. Rd1 Rf4 57. Rd2 Rf6 58. Ra2 Rh6 59. Ra4
Rh2+ 60. Kg1 Kh3 61. Nf3 Rg2+ 62. Kh1 1-0